| 000 | 01506nam a2200289 4500 | ||
|---|---|---|---|
| 003 | CO-CtgCURN | ||
| 005 | 20250329191028.0 | ||
| 007 | ta | ||
| 008 | 160627s1994 000 0 eng d | ||
| 040 |
_aCO-CtgCURN _bspa _ccoctgcurn |
||
| 082 | 0 |
_a001.42 _bI57n |
|
| 110 | 2 | _aICONTEC. Instituto Colombiano de Normas Tecnicas y Certificacion. | |
| 245 | 1 | 0 |
_aNormas colombianas sobre documentación y presentación de tesis de grado / _cInstituto Colombiano de Normas Tecnicas y Certificacion. |
| 260 |
_aBogotá : _bInstituto Colombiano de Normas Tecnicas y Certificacion, _c1994. |
||
| 300 | _a126 p. | ||
| 336 | _2rdacontent | ||
| 337 |
_2rdamedia _asin mediacion _bn |
||
| 338 |
_2rdacarrier _avolumen _bnc |
||
| 490 | 1 | _aNorma Técnica Colombiana NTC | |
| 505 | 8 | _aNorma 1486: presentación de tesis, trabajos de grado y otros trabajos de investigación.--Norma 1075: numeración de divisiones y subdivisiones en documentos escritos .--Norma 1487: citas y notas de pie de página.--Norma 1160: referencias bibliográficas para libros, folletos e informes .--Norma 1308: referencias bibliográficas para publicaciones seriadas .--Norma 1307 : referencias bibliográficas para normas | |
| 650 | 1 | 4 |
_aBibliografía _vMetodología. |
| 650 | 1 | 4 |
_aTesis y disertaciones académicas _vMetodología. |
| 650 | 1 | 4 |
_aRedacción de escritos técnicos _vMetodología. |
| 908 | _a160627 | ||
| 942 |
_cBK _h001.42 _iI57n _2ddc |
||
| 999 |
_c11631 _d11631 |
||